00975nam a2200253 a 450000100060000000300080000600500170001400800410003102000150007203500190008704000230010604100080012908200310013710000210016824501490018926000480033830000290038650000220041550400300043765000530046770000220052085600890054285600900063160040BD-RjUL20211209080810.0161228s1983 caua b 001 0 eng  a080392108X a(BD-RjUL)60164 aDLCcDLCdDLCbeng aeng00a364.360973 219bKOC 1983 1 aKobrin, Solomon.10aCommunity treatment of juvenile offenders :bthe DSO experiments /cSolomon Kobrin, Malcolm W. Klein, written with Elaine M. Corry ... [et al.]. aBeverly Hills :bSage Publications,cc1983. a341 p. :bill. ;c23 cm. aIncludes indexes. aBibliography: p. 323-330. 0aJuvenile delinquencyzUnited StatesxPrevention.1 aKlein, Malcolm W.423Publisher descriptionuhttp://www.loc.gov/catdir/enhancements/fy0654/83013758-d.html413Table of contents onlyuhttp://www.loc.gov/catdir/enhancements/fy0654/83013758-t.html